[Event "DEM U10w 2025"]
[Site "Willingen GER"]
[Date "2025.06.14"]
[Round "9"]
[White "Seyedfakhari, Elena"]
[Black "Schmidt, Hannah"]
[Result "0-1"]
[Termination "normal"]
[Board "16"]
[WhiteElo "1477"]
[BlackElo "1121"]
[WhiteClock "00:45:40"]
[BlackClock "01:03:53"]
[PlyCount "120"]
[WhiteFideId "34639888"]
[BlackFideId "533043639"]
[EventCountry "GER"]
[EventRounds "9"]
[EventType "swiss"]
[EventDate "2025.06.07"]

1. d4 {[%clk 01:30:56]} {[%emt 00:00:02]} Nf6 {[%clk 01:30:54]} {[%emt
00:00:07]} 2. c4 {[%clk 01:31:11]} {[%emt 00:00:15]} e6 {[%clk 01:31:09]}
{[%emt 00:00:16]} 3. Nc3 {[%clk 01:30:50]} {[%emt 00:00:50]} d5 {[%clk
01:31:29]} {[%emt 00:00:10]} 4. cxd5 {[%clk 01:28:46]} {[%emt 00:02:32]} exd5
{[%clk 01:31:46]} {[%emt 00:00:14]} 5. Bg5 {[%clk 01:25:52]} {[%emt 00:03:21]}
Bb4 {[%clk 01:30:49]} {[%emt 00:01:31]} 6. e3 {[%clk 01:22:13]} {[%emt
00:04:04]} h6 {[%clk 01:30:38]} {[%emt 00:00:46]} 7. Bf4 {[%clk 01:21:31]}
{[%emt 00:01:03]} Ne4 {[%clk 01:29:48]} {[%emt 00:01:29]} 8. Qb3 {[%clk
01:18:18]} {[%emt 00:03:40]} Nc6 {[%clk 01:24:45]} {[%emt 00:05:35]} 9. Bb5
{[%clk 01:10:10]} {[%emt 00:08:35]} Bxc3+ {[%clk 01:22:32]} {[%emt 00:02:46]}
10. bxc3 {[%clk 01:07:28]} {[%emt 00:03:07]} Bd7 {[%clk 01:22:45]} {[%emt
00:00:22]} 11. Qxd5 {[%clk 01:05:58]} {[%emt 00:01:59]} Nxc3 {[%clk 01:21:34]}
{[%emt 00:01:42]} 12. Qc4 {[%clk 01:01:56]} {[%emt 00:04:21]} Nxb5 {[%clk
01:21:19]} {[%emt 00:00:56]} 13. Qxb5 {[%clk 01:01:46]} {[%emt 00:00:38]} g5
{[%clk 01:20:53]} {[%emt 00:00:58]} 14. Be5 {[%clk 00:59:46]} {[%emt 00:02:27]}
f6 {[%clk 01:21:11]} {[%emt 00:00:16]} 15. Bg3 {[%clk 00:59:27]} {[%emt
00:00:43]} Nxd4 {[%emt 00:01:50]} 16. Qb2 {[%clk 00:57:52]} {[%emt 00:00:29]}
Nb5 {[%clk 01:17:13]} {[%emt 00:04:49]} 17. a4 {[%clk 00:56:49]} {[%emt
00:01:34]} Nd6 {[%clk 01:15:06]} {[%emt 00:02:37]} 18. Bxd6 {[%clk 00:56:55]}
{[%emt 00:00:23]} cxd6 {[%clk 01:15:04]} {[%emt 00:00:33]} 19. Qxb7 {[%clk
00:56:50]} {[%emt 00:00:34]} Qb8 {[%clk 01:15:20]} {[%emt 00:00:15]} 20. Qxb8+
{[%clk 00:55:54]} {[%emt 00:01:26]} Rxb8 {[%clk 01:15:35]} {[%emt 00:00:15]}
21. Nf3 {[%clk 00:55:36]} {[%emt 00:00:47]} O-O {[%clk 01:15:17]} {[%emt
00:00:49]} 22. O-O {[%clk 00:55:45]} {[%emt 00:00:20]} Rb4 {[%clk 01:14:57]}
{[%emt 00:00:51]} 23. a5 {[%clk 00:55:19]} {[%emt 00:00:55]} g4 {[%clk
01:12:53]} {[%emt 00:02:35]} 24. Nd4 {[%clk 00:54:05]} {[%emt 00:01:42]} h5
{[%clk 01:12:02]} {[%emt 00:01:24]} 25. Rfc1 {[%clk 00:53:29]} {[%emt
00:01:02]} Rc8 {[%clk 01:10:11]} {[%emt 00:02:24]} 26. Rxc8+ {[%clk 00:52:12]}
{[%emt 00:01:46]} Bxc8 {[%clk 01:10:24]} {[%emt 00:00:18]} 27. Nc6 {[%clk
00:52:03]} {[%emt 00:00:35]} Rb7 {[%clk 01:09:50]} {[%emt 00:01:08]} 28. Nd4
{[%clk 00:50:46]} {[%emt 00:01:33]} f5 {[%clk 01:07:55]} {[%emt 00:02:40]} 29.
Kf1 {[%clk 00:49:23]} {[%emt 00:01:46]} a6 {[%clk 01:07:08]} {[%emt 00:01:23]}
30. Nc6 {[%clk 00:48:53]} {[%emt 00:00:54]} Bd7 {[%clk 01:04:49]} {[%emt
00:02:56]} 31. Nd4 {[%clk 00:48:29]} {[%emt 00:00:50]} Rb4 {[%clk 01:05:02]}
{[%emt 00:00:21]} 32. Ke2 {[%clk 00:47:40]} {[%emt 00:01:09]} f4 {[%clk
01:03:30]} {[%emt 00:02:12]} 33. Kd3 {[%clk 00:47:02]} {[%emt 00:01:03]} fxe3
{[%clk 01:02:59]} {[%emt 00:01:06]} 34. fxe3 {[%clk 00:47:09]} {[%emt
00:00:22]} Rb2 {[%clk 01:02:30]} {[%emt 00:01:00]} 35. Rg1 {[%clk 00:46:30]}
{[%emt 00:01:08]} Ra2 {[%clk 01:02:34]} {[%emt 00:00:27]} 36. Nb3 {[%clk
00:45:59]} {[%emt 00:00:57]} Ra3 {[%clk 01:02:16]} {[%emt 00:00:53]} 37. Rb1
{[%clk 00:44:48]} {[%emt 00:01:07]} Bf5+ {[%clk 01:01:55]} {[%emt 00:01:24]}
38. e4 {[%clk 00:44:56]} {[%emt 00:00:19]} Bg6 {[%clk 01:01:56]} {[%emt
00:00:32]} 39. g3 {[%clk 00:44:17]} {[%emt 00:01:07]} d5 {[%clk 01:02:20]}
{[%emt 00:00:08]} 40. Kd4 {[%clk 00:41:55]} {[%emt 00:02:44]} Bxe4 {[%clk
01:02:14]} {[%emt 00:00:37]} 41. Rb2 {[%clk 00:41:56]} {[%emt 00:00:31]} Ra4+
{[%clk 01:01:22]} {[%emt 00:01:26]} 42. Ke5 {[%clk 00:41:30]} {[%emt 00:00:46]}
Kg7 {[%clk 01:00:07]} {[%emt 00:01:55]} 43. Nc5 {[%clk 00:40:59]} {[%emt
00:00:59]} Rxa5 {[%clk 00:59:57]} {[%emt 00:00:42]} 44. Nxe4 {[%clk 00:41:15]}
{[%emt 00:00:13]} dxe4+ {[%clk 01:00:16]} {[%emt 00:00:11]} 45. Kxe4 {[%clk
00:41:32]} {[%emt 00:00:12]} Rb5 {[%clk 01:00:00]} {[%emt 00:00:48]} 46. Rxb5
{[%clk 00:41:47]} {[%emt 00:00:14]} axb5 {[%clk 01:00:22]} {[%emt 00:00:08]}
47. Kd4 {[%clk 00:42:10]} {[%emt 00:00:07]} Kf6 {[%clk 01:00:47]} {[%emt
00:00:06]} 48. Kc5 {[%clk 00:42:35]} {[%emt 00:00:06]} b4 {[%clk 01:01:06]}
{[%emt 00:00:11]} 49. Kxb4 {[%clk 00:42:59]} {[%emt 00:00:06]} Ke5 {[%clk
01:01:36]} {[%emt 00:00:01]} 50. Kc3 {[%clk 00:43:15]} {[%emt 00:00:12]} Ke4
{[%clk 01:02:00]} {[%emt 00:00:06]} 51. Kd2 {[%clk 00:43:30]} {[%emt 00:00:16]}
Kf3 {[%clk 01:02:21]} {[%emt 00:00:08]} 52. Ke1 {[%clk 00:43:50]} {[%emt
00:00:09]} Kg2 {[%clk 01:02:43]} {[%emt 00:00:09]} 53. Ke2 {[%clk 00:44:10]}
{[%emt 00:00:10]} Kxh2 {[%clk 01:02:13]} {[%emt 00:01:01]} 54. Kf2 {[%clk
00:44:23]} {[%emt 00:00:16]} Kh3 {[%clk 01:02:32]} {[%emt 00:00:12]} 55. Kf1
{[%clk 00:44:24]} {[%emt 00:00:28]} Kxg3 {[%clk 01:02:51]} {[%emt 00:00:11]}
56. Kg1 {[%clk 00:44:35]} {[%emt 00:00:19]} Kf3 {[%clk 01:02:38]} {[%emt
00:00:43]} 57. Kf1 {[%clk 00:44:55]} {[%emt 00:00:09]} g3 {[%clk 01:02:58]}
{[%emt 00:00:11]} 58. Kg1 {[%clk 00:45:09]} {[%emt 00:00:16]} g2 {[%clk
01:03:12]} {[%emt 00:00:16]} 59. Kh2 {[%clk 00:45:25]} {[%emt 00:00:13]} Kf2
{[%clk 01:03:32]} {[%emt 00:00:11]} 60. Kh3 {[%clk 00:45:40]} {[%emt 00:00:14]}
g1=Q {[%clk 01:03:53]} {[%emt 00:00:10]} 0-1

[Event "DEM U10w 2025"]
[Site "Willingen GER"]
[Date "2025.06.14"]
[Round "9"]
[White "Jodalli, Aarna"]
[Black "Dimkova, Anna"]
[Result "0-1"]
[Termination "normal"]
[Board "17"]
[WhiteElo "898"]
[BlackElo "1037"]
[WhiteClock "01:20:49"]
[BlackClock "00:42:54"]
[PlyCount "176"]
[WhiteFideId "533043566"]
[BlackFideId "533043531"]
[EventCountry "GER"]
[EventRounds "9"]
[EventType "swiss"]
[EventDate "2025.06.07"]

1. e4 {[%clk 01:30:56]} {[%emt 00:00:03]} e5 {[%clk 01:30:54]} {[%emt
00:00:06]} 2. Nf3 {[%clk 01:31:21]} {[%emt 00:00:05]} Nc6 {[%clk 01:31:17]}
{[%emt 00:00:07]} 3. Bc4 {[%clk 01:31:36]} {[%emt 00:00:15]} Nf6 {[%clk
01:31:24]} {[%emt 00:00:23]} 4. Ng5 {[%clk 01:31:48]} {[%emt 00:00:18]} d5
{[%clk 01:31:33]} {[%emt 00:00:22]} 5. exd5 {[%clk 01:32:06]} {[%emt 00:00:12]}
Na5 {[%clk 01:31:46]} {[%emt 00:00:17]} 6. Bb5+ {[%clk 01:31:33]} {[%emt
00:01:03]} c6 {[%clk 01:32:03]} {[%emt 00:00:12]} 7. dxc6 {[%clk 01:31:57]}
{[%emt 00:00:06]} bxc6 {[%clk 01:32:21]} {[%emt 00:00:11]} 8. Be2 {[%clk
01:32:05]} {[%emt 00:00:23]} h6 {[%clk 01:32:38]} {[%emt 00:00:12]} 9. Nf3
{[%clk 01:32:22]} {[%emt 00:00:13]} e4 {[%clk 01:32:58]} {[%emt 00:00:10]} 10.
Ng1 {[%clk 01:32:14]} {[%emt 00:00:38]} Bd6 {[%clk 01:32:12]} {[%emt 00:01:16]}
11. d3 {[%clk 01:32:20]} {[%emt 00:00:25]} O-O {[%clk 01:30:36]} {[%emt
00:02:05]} 12. Nc3 {[%clk 01:32:14]} {[%emt 00:00:37]} Bf5 {[%clk 01:26:36]}
{[%emt 00:04:30]} 13. f3 {[%clk 01:31:53]} {[%emt 00:00:50]} exd3 {[%clk
01:26:11]} {[%emt 00:00:54]} 14. Bxd3 {[%clk 01:31:44]} {[%emt 00:00:40]} Re8+
{[%clk 01:26:08]} {[%emt 00:00:33]} 15. Nge2 {[%clk 01:31:38]} {[%emt
00:00:36]} Bd7 {[%clk 01:24:25]} {[%emt 00:02:13]} 16. O-O {[%clk 01:31:30]}
{[%emt 00:00:38]} Qc7 {[%clk 01:23:23]} {[%emt 00:01:32]} 17. g3 {[%clk
01:31:09]} {[%emt 00:00:51]} Bc5+ {[%clk 01:22:21]} {[%emt 00:01:32]} 18. Kh1
{[%clk 01:30:55]} {[%emt 00:00:44]} Bh3 {[%clk 01:22:02]} {[%emt 00:00:49]} 19.
Bf4 {[%clk 01:28:59]} {[%emt 00:02:26]} Qb6 {[%clk 01:21:07]} {[%emt 00:01:25]}
20. Na4 {[%clk 01:28:18]} {[%emt 00:22:54]} Qd8 {[%clk 01:06:13]} {[%emt
00:13:10]} 21. Nxc5 {[%clk 01:28:02]} {[%emt 00:00:46]} Bxf1 {[%clk 01:04:46]}
{[%emt 00:01:43]} 22. Qxf1 {[%clk 01:28:13]} {[%emt 00:00:33]} Qd5 {[%clk
00:59:32]} {[%emt 00:05:41]} 23. b4 {[%clk 01:28:01]} {[%emt 00:00:45]} Nc4
{[%clk 00:58:35]} {[%emt 00:01:28]} 24. Bxc4 {[%clk 01:26:34]} {[%emt
00:01:57]} Qxc4 {[%clk 00:56:43]} {[%emt 00:02:19]} 25. Re1 {[%clk 01:23:18]}
{[%emt 00:03:48]} Qxb4 {[%clk 00:55:58]} {[%emt 00:01:12]} 26. Nd3 {[%clk
01:21:16]} {[%emt 00:02:35]} Qa3 {[%clk 00:54:41]} {[%emt 00:01:43]} 27. g4
{[%clk 01:17:15]} {[%emt 00:04:36]} Qxa2 {[%clk 00:52:04]} {[%emt 00:03:04]}
28. g5 {[%clk 01:16:01]} {[%emt 00:01:46]} hxg5 {[%clk 00:51:50]} {[%emt
00:00:43]} 29. Bxg5 {[%clk 01:16:15]} {[%emt 00:00:18]} Qe6 {[%clk 00:47:40]}
{[%emt 00:04:21]} 30. Nd4 {[%clk 01:14:40]} {[%emt 00:02:24]} Qd6 {[%clk
00:46:47]} {[%emt 00:01:21]} 31. Rxe8+ {[%clk 01:12:22]} {[%emt 00:02:50]} Nxe8
{[%clk 00:46:39]} {[%emt 00:00:35]} 32. Qg1 {[%clk 01:10:30]} {[%emt 00:02:20]}
a5 {[%clk 00:46:33]} {[%emt 00:00:40]} 33. Nf5 {[%clk 01:10:43]} {[%emt
00:00:16]} Qa3 {[%clk 00:44:28]} {[%emt 00:02:36]} 34. Bh6 {[%clk 01:08:47]}
{[%emt 00:02:27]} g6 {[%clk 00:43:56]} {[%emt 00:01:01]} 35. Qg5 {[%clk
01:07:36]} {[%emt 00:01:38]} Qa1+ {[%clk 00:43:51]} {[%emt 00:00:38]} 36. Nc1
{[%clk 01:07:32]} {[%emt 00:00:35]} Qf6 {[%clk 00:43:28]} {[%emt 00:00:38]} 37.
Ne7+ {[%clk 01:06:57]} {[%emt 00:01:19]} Kh7 {[%clk 00:41:39]} {[%emt
00:02:18]} 38. Qxf6 {[%clk 01:07:03]} {[%emt 00:00:24]} Nxf6 {[%clk 00:41:56]}
{[%emt 00:00:12]} 39. Bd2 {[%clk 01:07:01]} {[%emt 00:00:34]} a4 {[%clk
00:41:51]} {[%emt 00:00:35]} 40. Nxc6 {[%clk 01:07:07]} {[%emt 00:00:24]} Kg8
{[%clk 00:40:56]} {[%emt 00:01:04]} 41. Bc3 {[%clk 01:06:52]} {[%emt 00:01:06]}
Nd5 {[%clk 00:41:15]} {[%emt 00:00:12]} 42. Bd4 {[%clk 01:06:40]} {[%emt
00:00:41]} a3 {[%clk 00:41:26]} {[%emt 00:00:19]} 43. Na2 {[%clk 01:07:01]}
{[%emt 00:00:09]} Kf8 {[%clk 00:41:10]} {[%emt 00:00:45]} 44. Kg2 {[%clk
01:07:09]} {[%emt 00:00:23]} Ke8 {[%clk 00:40:34]} {[%emt 00:01:07]} 45. Kf2
{[%clk 01:06:52]} {[%emt 00:00:46]} Kd7 {[%clk 00:40:20]} {[%emt 00:00:40]} 46.
Ne5+ {[%clk 01:06:52]} {[%emt 00:00:35]} Ke6 {[%clk 00:40:26]} {[%emt
00:00:23]} 47. Ke2 {[%clk 01:07:01]} {[%emt 00:00:21]} Kf5 {[%clk 00:40:10]}
{[%emt 00:00:47]} 48. c4 {[%clk 01:07:17]} {[%emt 00:00:14]} f6 {[%clk
00:39:40]} {[%emt 00:01:00]} 49. cxd5 {[%clk 01:07:05]} {[%emt 00:00:43]} fxe5
{[%clk 00:39:52]} {[%emt 00:00:17]} 50. Bc3 {[%clk 01:07:19]} {[%emt 00:00:17]}
e4 {[%clk 00:38:56]} {[%emt 00:01:25]} 51. fxe4+ {[%clk 01:07:41]} {[%emt
00:00:08]} Kxe4 {[%clk 00:39:13]} {[%emt 00:00:12]} 52. d6 {[%clk 01:08:04]}
{[%emt 00:00:09]} g5 {[%clk 00:38:53]} {[%emt 00:00:50]} 53. d7 {[%clk
01:08:22]} {[%emt 00:00:12]} Rd8 {[%clk 00:38:21]} {[%emt 00:01:02]} 54. Bb4
{[%clk 01:08:40]} {[%emt 00:00:12]} Rxd7 {[%clk 00:38:10]} {[%emt 00:00:39]}
55. Bxa3 {[%clk 01:09:04]} {[%emt 00:00:07]} Ra7 {[%clk 00:38:28]} {[%emt
00:00:13]} 56. Bc1 {[%clk 01:09:03]} {[%emt 00:00:31]} Rxa2+ {[%clk 00:38:38]}
{[%emt 00:00:18]} 57. Bd2 {[%clk 01:09:25]} {[%emt 00:00:10]} Kf5 {[%clk
00:38:37]} {[%emt 00:00:31]} 58. h3 {[%clk 01:09:43]} {[%emt 00:00:12]} Kg6
{[%clk 00:38:55]} {[%emt 00:00:12]} 59. Kd3 {[%clk 01:10:05]} {[%emt 00:00:08]}
Ra3+ {[%clk 00:38:58]} {[%emt 00:00:27]} 60. Ke2 {[%clk 01:10:27]} {[%emt
00:00:09]} Rxh3 {[%clk 00:39:18]} {[%emt 00:00:08]} 61. Bxg5 {[%clk 01:10:49]}
{[%emt 00:00:10]} Kxg5 {[%clk 00:39:11]} {[%emt 00:00:49]} 62. Kd2 {[%clk
01:10:54]} {[%emt 00:00:26]} Kf4 {[%clk 00:39:30]} {[%emt 00:00:11]} 63. Kc2
{[%clk 01:11:17]} {[%emt 00:00:07]} Ke4 {[%clk 00:39:57]} {[%emt 00:00:03]} 64.
Kd2 {[%clk 01:11:39]} {[%emt 00:00:08]} Re3 {[%clk 00:39:59]} {[%emt 00:00:28]}
65. Kc2 {[%clk 01:12:05]} {[%emt 00:00:05]} Kd4 {[%clk 00:40:20]} {[%emt
00:00:08]} 66. Kd2 {[%clk 01:12:23]} {[%emt 00:00:12]} Ra3 {[%clk 00:40:23]}
{[%emt 00:00:26]} 67. Kc2 {[%clk 01:12:47]} {[%emt 00:00:06]} Rd3 {[%clk
00:40:32]} {[%emt 00:00:22]} 68. Kb2 {[%clk 01:13:10]} {[%emt 00:00:07]} Kc4
{[%clk 00:40:55]} {[%emt 00:00:07]} 69. Kc2 {[%clk 01:13:35]} {[%emt 00:00:05]}
Kd4 {[%clk 00:40:37]} {[%emt 00:00:48]} 70. Kb2 {[%clk 01:13:57]} {[%emt
00:00:08]} Rd2+ {[%clk 00:40:59]} {[%emt 00:00:09]} 71. Kb3 {[%clk 01:14:19]}
{[%emt 00:00:08]} Kd3 {[%clk 00:41:03]} {[%emt 00:00:25]} 72. Kb4 {[%clk
01:14:43]} {[%emt 00:00:06]} Rc2 {[%clk 00:41:20]} {[%emt 00:00:13]} 73. Kb3
{[%clk 01:15:07]} {[%emt 00:00:06]} Rc3+ {[%clk 00:41:46]} {[%emt 00:00:04]}
74. Kb4 {[%clk 01:15:28]} {[%emt 00:00:10]} Kd4 {[%clk 00:42:08]} {[%emt
00:00:08]} 75. Kb5 {[%clk 01:15:52]} {[%emt 00:00:06]} Rc4 {[%clk 00:42:25]}
{[%emt 00:00:12]} 76. Kb6 {[%clk 01:16:21]} {[%emt 00:00:02]} Rc5 {[%clk
00:42:35]} {[%emt 00:00:21]} 77. Kb7 {[%clk 01:16:39]} {[%emt 00:00:11]} Kc4
{[%clk 00:42:56]} {[%emt 00:00:09]} 78. Ka6 {[%clk 01:17:07]} {[%emt 00:00:03]}
Rb5 {[%clk 00:42:56]} {[%emt 00:00:29]} 79. Ka7 {[%clk 01:17:29]} {[%emt
00:00:09]} Kc5 {[%clk 00:43:20]} {[%emt 00:00:06]} 80. Ka6 {[%clk 01:17:52]}
{[%emt 00:00:07]} Kc6 {[%clk 00:43:46]} {[%emt 00:00:04]} 81. Ka7 {[%clk
01:18:16]} {[%emt 00:00:07]} Rb6 {[%clk 00:43:30]} {[%emt 00:00:45]} 82. Ka8
{[%clk 01:18:39]} {[%emt 00:00:07]} Kc7 {[%clk 00:43:04]} {[%emt 00:00:55]} 83.
Ka7 {[%clk 01:19:04]} {[%emt 00:00:06]} Kc6 {[%clk 00:42:44]} {[%emt 00:00:50]}
84. Ka8 {[%clk 01:19:23]} {[%emt 00:00:11]} Ra6+ {[%clk 00:43:07]} {[%emt
00:00:07]} 85. Kb8 {[%clk 01:19:46]} {[%emt 00:00:06]} Kb6 {[%clk 00:43:00]}
{[%emt 00:00:37]} 86. Kc8 {[%clk 01:20:05]} {[%emt 00:00:10]} Ra7 {[%clk
00:43:13]} {[%emt 00:00:18]} 87. Kb8 {[%clk 01:20:26]} {[%emt 00:00:09]} Rc7
{[%clk 00:43:20]} {[%emt 00:00:22]} 88. Ka8 {[%clk 01:20:49]} {[%emt 00:00:08]}
Rc8# {[%clk 00:42:54]} {[%emt 00:00:15]} 0-1

[Event "DEM U10w 2025"]
[Site "Willingen GER"]
[Date "2025.06.14"]
[Round "9"]
[White "Richter Assencio, Victoria"]
[Black "Dobrynina, Alona"]
[Result "0-1"]
[Termination "normal"]
[Board "18"]
[WhiteElo "955"]
[BlackElo "1031"]
[WhiteClock "00:49:43"]
[BlackClock "01:11:32"]
[PlyCount "132"]
[WhiteFideId "533043620"]
[BlackFideId "533043540"]
[EventCountry "GER"]
[EventRounds "9"]
[EventType "swiss"]
[EventDate "2025.06.07"]

1. e4 {[%clk 01:30:28]} {[%emt 00:00:32]} e5 {[%clk 01:30:53]} {[%emt
00:00:07]} 2. Nf3 {[%clk 01:30:22]} {[%emt 00:00:33]} Nc6 {[%clk 01:31:14]}
{[%emt 00:00:11]} 3. d4 {[%clk 01:30:15]} {[%emt 00:00:38]} exd4 {[%clk
01:31:30]} {[%emt 00:00:14]} 4. Nxd4 {[%clk 01:30:19]} {[%emt 00:00:25]} Bc5
{[%clk 01:31:47]} {[%emt 00:00:13]} 5. Be3 {[%clk 01:30:44]} {[%emt 00:00:05]}
Qf6 {[%clk 01:32:00]} {[%emt 00:00:17]} 6. c3 {[%clk 01:30:57]} {[%emt
00:00:18]} Nge7 {[%clk 01:32:19]} {[%emt 00:00:11]} 7. Bc4 {[%clk 01:26:03]}
{[%emt 00:05:24]} O-O {[%clk 01:32:26]} {[%emt 00:00:24]} 8. O-O {[%clk
01:25:36]} {[%emt 00:00:57]} b6 {[%clk 01:32:44]} {[%emt 00:00:11]} 9. Nxc6
{[%clk 01:22:31]} {[%emt 00:03:35]} Qxc6 {[%clk 01:32:30]} {[%emt 00:00:44]}
10. e5 {[%clk 01:22:37]} {[%emt 00:00:24]} Bb7 {[%clk 01:32:08]} {[%emt
00:00:53]} 11. Qg4 {[%clk 01:22:29]} {[%emt 00:00:38]} h5 {[%clk 01:30:52]}
{[%emt 00:01:46]} 12. Qf3 {[%clk 00:57:23]} {[%emt 00:25:27]} Qxf3 {[%clk
01:30:24]} {[%emt 00:01:06]} 13. gxf3 {[%clk 00:57:43]} {[%emt 00:00:10]} Bxf3
{[%clk 01:30:18]} {[%emt 00:00:34]} 14. Bg5 {[%clk 00:57:59]} {[%emt 00:00:16]}
Nc6 {[%clk 01:29:44]} {[%emt 00:01:04]} 15. Bb5 {[%clk 00:57:11]} {[%emt
00:01:18]} Nxe5 {[%clk 01:29:41]} {[%emt 00:00:33]} 16. Bf4 {[%clk 00:56:45]}
{[%emt 00:00:56]} Ng6 {[%clk 01:29:05]} {[%emt 00:01:06]} 17. Bxc7 {[%clk
00:55:52]} {[%emt 00:01:24]} a6 {[%clk 01:28:02]} {[%emt 00:01:33]} 18. Nd2
{[%clk 00:55:30]} {[%emt 00:00:51]} Nh4 {[%clk 01:26:09]} {[%emt 00:02:23]} 19.
Bg3 {[%clk 00:54:55]} {[%emt 00:01:06]} axb5 {[%clk 01:25:34]} {[%emt
00:01:04]} 20. Bxh4 {[%clk 00:54:42]} {[%emt 00:00:44]} Bd5 {[%clk 01:24:06]}
{[%emt 00:01:25]} 21. a3 {[%clk 00:54:23]} {[%emt 00:01:15]} Rfe8 {[%clk
01:22:32]} {[%emt 00:02:11]} 22. b4 {[%clk 00:48:50]} {[%emt 00:02:37]} Bd6
{[%clk 01:22:46]} 23. Rfd1 {[%clk 00:48:57]} {[%emt 00:04:05]} Re6 {[%clk
01:21:50]} {[%emt 00:01:26]} 24. Nf1 {[%clk 00:48:46]} {[%emt 00:00:41]} Rg6+
{[%clk 01:21:21]} {[%emt 00:00:59]} 25. Ng3 {[%clk 00:48:58]} {[%emt 00:00:19]}
Bxg3 {[%clk 01:21:29]} {[%emt 00:00:20]} 26. hxg3 {[%clk 00:49:23]} {[%emt
00:00:06]} Bc6 {[%clk 01:20:51]} {[%emt 00:01:08]} 27. Be7 {[%clk 00:48:10]}
{[%emt 00:01:43]} Re8 {[%clk 01:20:30]} {[%emt 00:00:46]} 28. Bd6 {[%clk
00:48:20]} {[%emt 00:00:24]} Re4 {[%clk 01:19:16]} {[%emt 00:01:42]} 29. Bc7
{[%clk 00:47:05]} {[%emt 00:01:48]} Rh4 {[%clk 01:18:44]} {[%emt 00:01:01]} 30.
Kf1 {[%clk 00:46:33]} {[%emt 00:01:04]} Rh2 {[%clk 01:15:59]} {[%emt 00:03:13]}
31. Bxb6 {[%clk 00:45:44]} {[%emt 00:01:19]} Re6 {[%clk 01:15:50]} {[%emt
00:00:39]} 32. Be3 {[%clk 00:45:37]} {[%emt 00:00:38]} Bf3 {[%clk 01:13:54]}
{[%emt 00:02:26]} 33. Ke1 {[%clk 00:42:20]} {[%emt 00:03:47]} Rh1+ {[%clk
01:13:52]} {[%emt 00:00:31]} 34. Kd2 {[%clk 00:42:44]} {[%emt 00:00:06]} Rd6+
{[%clk 01:13:55]} {[%emt 00:00:27]} 35. Bd4 {[%clk 00:43:04]} {[%emt 00:00:10]}
Bxd1 {[%clk 01:14:05]} {[%emt 00:00:20]} 36. Rxd1 {[%clk 00:43:29]} {[%emt
00:00:06]} Rh2 {[%clk 01:13:36]} {[%emt 00:00:58]} 37. g4 {[%clk 00:43:20]}
{[%emt 00:00:37]} hxg4 {[%clk 01:12:59]} {[%emt 00:01:10]} 38. Rg1 {[%clk
00:43:47]} {[%emt 00:00:03]} Rg6 {[%clk 01:12:49]} {[%emt 00:00:39]} 39. Ke3
{[%clk 00:43:38]} {[%emt 00:00:40]} f5 {[%clk 01:12:38]} {[%emt 00:00:41]} 40.
f3 {[%clk 00:43:43]} {[%emt 00:00:25]} g3 {[%clk 01:10:56]} {[%emt 00:02:12]}
41. Be5 {[%clk 00:44:02]} {[%emt 00:00:11]} Re6 {[%emt 00:01:44]} 42. f4 {[%emt
00:00:43]} d6 {[%clk 01:08:11]} {[%emt 00:00:48]} 43. Rxg3 {[%clk 00:43:14]}
{[%emt 00:01:18]} dxe5 {[%clk 01:08:28]} {[%emt 00:00:12]} 44. Rg5 {[%clk
00:43:20]} {[%emt 00:00:24]} Rh4 {[%clk 01:08:08]} {[%emt 00:00:49]} 45. Rxf5
{[%clk 00:43:24]} {[%emt 00:00:27]} exf4+ {[%clk 01:07:54]} {[%emt 00:00:45]}
46. Kf3 {[%clk 00:43:45]} {[%emt 00:00:09]} Re3+ {[%clk 01:07:55]} {[%emt
00:00:29]} 47. Kf2 {[%clk 00:43:58]} {[%emt 00:00:16]} Rh2+ {[%clk 01:07:51]}
{[%emt 00:00:34]} 48. Kg1 {[%clk 00:44:18]} {[%emt 00:00:10]} Rc2 {[%clk
01:07:36]} {[%emt 00:00:45]} 49. Rxf4 {[%clk 00:44:43]} {[%emt 00:00:05]} Re1+
{[%clk 01:07:37]} {[%emt 00:00:30]} 50. Rf1 {[%clk 00:45:08]} {[%emt 00:00:05]}
Rxf1+ {[%clk 01:07:53]} {[%emt 00:00:14]} 51. Kxf1 {[%clk 00:45:31]} {[%emt
00:00:07]} Rxc3 {[%clk 01:08:15]} {[%emt 00:00:08]} 52. Ke2 {[%clk 00:45:57]}
{[%emt 00:00:03]} Kf7 {[%clk 01:08:24]} {[%emt 00:00:22]} 53. Kd2 {[%clk
00:46:21]} {[%emt 00:00:06]} Rxa3 {[%clk 01:08:17]} {[%emt 00:00:37]} 54. Kc2
{[%emt 00:00:05]} Ke6 {[%emt 00:00:10]} 55. Kb2 {[%clk 00:46:30]} {[%emt
00:00:08]} Rh3 {[%clk 01:08:36]} {[%emt 00:00:10]} 56. Ka2 {[%clk 00:46:55]}
{[%emt 00:00:05]} Kd5 {[%clk 01:08:58]} {[%emt 00:00:08]} 57. Kb2 {[%clk
00:47:16]} {[%emt 00:00:09]} Kc4 {[%clk 01:09:16]} {[%emt 00:00:12]} 58. Ka2
{[%clk 00:47:38]} {[%emt 00:00:09]} Kxb4 {[%clk 01:09:13]} {[%emt 00:00:30]}
59. Kb2 {[%clk 00:47:37]} {[%emt 00:00:34]} Rh2+ {[%clk 01:09:35]} {[%emt
00:00:07]} 60. Kc1 {[%clk 00:48:02]} {[%emt 00:00:06]} Kc3 {[%clk 01:09:41]}
{[%emt 00:00:24]} 61. Kd1 {[%clk 00:48:22]} {[%emt 00:00:10]} Ra2 {[%clk
01:09:32]} {[%emt 00:00:39]} 62. Ke1 {[%clk 00:48:46]} {[%emt 00:00:07]} Kd3
{[%clk 01:09:51]} {[%emt 00:00:11]} 63. Kf1 {[%clk 00:49:07]} {[%emt 00:00:06]}
Ke3 {[%clk 01:10:18]} {[%emt 00:00:06]} 64. Kg1 {[%clk 00:49:10]} {[%emt
00:00:27]} Kf3 {[%clk 01:10:42]} {[%emt 00:00:05]} 65. Kh1 {[%clk 00:49:18]}
{[%emt 00:00:21]} Kg3 {[%clk 01:11:07]} {[%emt 00:00:06]} 66. Kg1 {[%clk
00:49:43]} {[%emt 00:00:05]} Ra1# {[%clk 01:11:32]} {[%emt 00:00:05]} 0-1